|
|
|
|
| LEADER |
01468nam a2200397 a 4500 |
| 001 |
nkc20152660605 |
| 003 |
CZ PrNK |
| 005 |
20150326085348.0 |
| 007 |
ta |
| 008 |
150126s2014 xr f 000 0 cze |
| 015 |
|
|
|a cnb002660605
|
| 020 |
|
|
|a 978-80-210-7490-3
|q (brož.)
|
| 035 |
|
|
|a (OCoLC)904580361
|
| 040 |
|
|
|a BOA001
|b cze
|
| 041 |
0 |
|
|a cze
|a rus
|b eng
|
| 072 |
|
7 |
|a 80
|x Filologie
|2 Konspekt
|9 11
|
| 080 |
|
|
|a 80(=16)+908(4)
|2 MRF
|
| 080 |
|
|
|a (048.8:082)
|2 MRF
|
| 100 |
1 |
|
|a Przybylski, Michal,
|d 1981-
|7 jx20080207030
|4 aut
|
| 245 |
1 |
0 |
|a Mladá slavistika :
|b současné trendy ve výzkumu slovanských literatur, jazyků a kultur /
|c Michal Przybylski, Josef Šaur a kolektiv
|
| 250 |
|
|
|a 1. vyd.
|
| 260 |
|
|
|a Brno :
|b Masarykova univerzita,
|c 2014
|
| 300 |
|
|
|a 182 s. ;
|c 21 cm
|
| 504 |
|
|
|a Obsahuje bibliografii a bibliografické odkazy
|
| 546 |
|
|
|a Část. ruský text, anglické resumé
|
| 650 |
0 |
7 |
|a slavistika
|7 ph116178
|2 czenas
|
| 650 |
0 |
9 |
|a Slavic studies
|2 eczenas
|
| 655 |
|
7 |
|a kolektivní monografie
|7 fd501537
|2 czenas
|
| 655 |
|
9 |
|a collective monographs
|2 eczenas
|
| 700 |
1 |
|
|a Šaur, Josef,
|d 1981-
|7 mzk2008453165
|4 aut
|
| 910 |
2 |
|
|a BOA001
|b 2-1341.268
|
| 990 |
|
|
|a BK
|
| 995 |
|
|
|a 01
|
| 991 |
|
|
|b 201503
|c NOV
|e n
|
| 996 |
6 |
|
|b 2610620736
|c 2-1341.268
|l MZK
|r Sklad / do 1 hodiny
|n 1
|p p.v.
|w 001488060
|u 000010
|a 1
|e BOA001
|j MZK50
|s P
|
| 996 |
7 |
|
|b 2610620737
|c 2-1341.268
|l MZK
|r Sklad / do 1 hodiny
|n 2
|p p.v.
|w 001488060
|u 000020
|a 1
|e BOA001
|j MZK50
|s A
|